00000000nam##2200000za#4500
0019.668628
003CaOODSP
00520210615124305
007ta
008150407|2007||||xxc|||||     f|0| 0 fre|d
020 |a978-0-662-69715-2
040 |aCaOODSP|bfre
041 |aeng
041 |afre
043 |an-cn---
0861 |aCi51-203/2007
1101 |aCanada. |bCitoyenneté et immigration Canada.
24510|aConserver votre citoyenneté canadien : |bà l'intention des personnes nées après le 14 février 1977, à l'extérieur du Canada, d'un parent canadien
260 |aOttawa - Ontario : |bCitoyenneté et Immigration Canada |c2007.
300 |aTexte français, [6]p. : |bphotographies ; |c22 cm.
563 |aCouverture souple
590 |a07-23|b2007-06-08
69107|aCitoyenneté|2gcpds
7760#|tRetaining your Canadian citizenship : |w(CaOODSP)9.689589
791 |tRetaining your Canadian citizenship : |eeng|w(CaOODSP)9.668627
986 |aC&I-870-03-07